| 000 | 00525nam a22001817a 4500 | ||
|---|---|---|---|
| 005 | 20221208161426.0 | ||
| 008 | 221208b ||||| |||| 00| 0 eng d | ||
| 040 | _cAL | ||
| 041 | _aHindi | ||
| 082 |
_223 _aH891.4 _bLALS |
||
| 100 |
_aLal Shankar _965179 |
||
| 245 | _aSangharsh ki antharkata संघर्ष की अन्तकर्ता | ||
| 260 |
_aSirsa _bPrathap simha Valiya _c1987 |
||
| 300 |
_a138 p. _bPB _c21x14 cm. |
||
| 650 |
_asangharsh _965180 |
||
| 700 |
_aSHANKAR (Lal) _965181 |
||
| 942 |
_2ddc _cGF |
||
| 999 |
_c225521 _d225521 |
||